Catalog

Record Details

Catalog Search



Hlas otcov / Sv. 3 Voistinu voskrese Cover Image Book Book

Hlas otcov / Svätý Ján Zlatoústy ; Spracoval Ján Zozuĺak Sv. 3 Voistinu voskrese

Zlatoústý, Jan (Author). Zozuĺak, Ján (Added Author).

Record details

  • Physical Description: 15 s.
  • Publisher: Oropos Attikis Monastiera Paraklitu 1994

Available copies

  • 1 of 1 copy available at Common Catalog SPOK.

Holds

  • 0 current holds with 1 total copy.
Show Only Available Copies
Location Call Number / Copy Notes Barcode Shelving Location Status Due Date
ETS Library 230.14 424470005640 Volný výběr Available -

LDR 00689nam a2 00241
00138695
003CZ-PrJAB
00520040318000000.0
008010802s1994 gr e |||| |slo
009gr
035 . ‡a(CONS)3691
035 . ‡aKPS9101
040 . ‡aABG450
041 . ‡aslo
08214. ‡a230.14
100 . ‡73993 ‡aZlatoústý, Jan
245 . ‡aHlas otcov / ‡cSvätý Ján Zlatoústy ; Spracoval Ján Zozuĺak ‡nSv. 3 ‡pVoistinu voskrese
260 . ‡aOropos Attikis ‡bMonastiera Paraklitu ‡c1994
300 . ‡a15 s.
653 . ‡aHlas otcov ‡aVoistinu voskrese
700 . ‡73994 ‡aZozuĺak, Ján
8524 . ‡bETS ‡bETS ‡cVolný výběr ‡j230.14 ‡gA ‡p424470005640
910 . ‡aABG450
999 . ‡a3691 ‡bAUTOGEN ‡c3691 ‡tbiblio
905 . ‡uadmin
901 . ‡a38695 ‡b ‡c38695 ‡tbiblio ‡sets

Additional Resources